Statystyki dla Loża Czarodziejek z Wiedźmina

Kliknij tutaj aby rozwiązać quiz!

Ogólne statystyki

  • Ten quiz został rozwiązany 240 razy
  • Średni wynik to 8 z 12

Statystyki odpowiedzi

Państwo/miastoCzarodziejka% Poprawnych
MariborTriss Merigold
98%
VengerbergYennefer
98%
TretogorFilippa Eilhart
91%
CarrerasKeira Metz
72%
VicovaroFringilla Vigo
71%
Gors Velen, ThaneddMargarita Laux-Antille
63%
CreydenSheala de Tancarville
59%
Dol BlathannaFrancesca Findabair
57%
Ard CarraighSabrina Glevissig
50%
CintraCirilla
48%
Góry SineIda Emean aep Sivney
32%
VicovaroAssire var Anahid
28%

Rozkład punktacji

Percentyl według liczby udzielonych odpowiedzi

Procent ludzi z każdym wynikiem

Twoja historia wyników

Nie rozwiązałeś tego quizu